| 000 | 00473cam a2200193ua 4500 | ||
|---|---|---|---|
| 020 | _c60.00 | ||
| 041 |
_aeng _h |
||
| 082 |
_a501 _bNEW /SC |
||
| 100 | _aNewman, James R . | ||
| 245 |
_aScience and sensibility, Vol 2 / _cJames R Newman. _hTextual Documents |
||
| 250 |
_a1 / _b. |
||
| 260 |
_aNew York : _bSimon and Schuster , _c1961. |
||
| 300 | _a309 ; . | ||
| 365 | _a60.00 | ||
| 500 | _a**Reference | ||
| 504 | _a | ||
| 942 | _cBK | ||
| 999 |
_c7829 _d7829 |
||